| 000 | 00396nam a22001457a 4500 | ||
|---|---|---|---|
| 005 | 20151019100648.0 | ||
| 008 | 151019b xxu||||| |||| 00| 0 eng d | ||
| 040 | _cPK-LaUMT | ||
| 082 |
_aKHC 954.0356 _bLAL-M |
||
| 100 | _aLal Bahadur | ||
| 245 |
_aThe Muslim league _bits history , ativities & achiements _cLal Bahadur |
||
| 260 |
_aLahore _bBook traders _c1979 |
||
| 300 | _a368 p. | ||
| 942 | _cBK | ||
| 999 |
_c77477 _d77477 |
||